Kautilya Arthasastra (in 1-2 Vols.): (Record no. 1445)
[ view plain ]
| 000 -LEADER | |
|---|---|
| fixed length control field | 00753nam a2200229 a 4500 |
| 003 - CONTROL NUMBER IDENTIFIER | |
| control field | BD-DhJNU |
| 005 - DATE AND TIME OF LATEST TRANSACTION | |
| control field | 20250305043719.0 |
| 008 - FIXED-LENGTH DATA ELEMENTS--GENERAL INFORMATION | |
| fixed length control field | 250204s2010 ii a b 001 0 eng |
| 020 ## - INTERNATIONAL STANDARD BOOK NUMBER | |
| International Standard Book Number | 9788188629657 |
| 040 ## - CATALOGING SOURCE | |
| Original cataloging agency | BD-DhJNU |
| Language of cataloging | ENG |
| Transcribing agency | BD-DhJNU |
| Modifying agency | BD-DhJNU |
| 082 00 - DEWEY DECIMAL CLASSIFICATION NUMBER | |
| Classification number | 294 MIK |
| Edition number | 23 |
| 100 1# - MAIN ENTRY--PERSONAL NAME | |
| Personal name | Mittal, P. |
| 245 10 - TITLE STATEMENT | |
| Title | Kautilya Arthasastra (in 1-2 Vols.): |
| Remainder of title | collection of articles from the indian historical quarterly, indian antiquary etc / |
| Statement of responsibility, etc. | P. Mittal & Geeta Dua |
| 250 ## - EDITION STATEMENT | |
| Edition statement | 5th ed. |
| 260 ## - PUBLICATION, DISTRIBUTION, ETC. | |
| Place of publication, distribution, etc. | New Delhi : |
| Name of publisher, distributor, etc. | Originals, |
| Date of publication, distribution, etc. | 2010. |
| 300 ## - PHYSICAL DESCRIPTION | |
| Extent | 1-2 volumes, xii, 539 p. : |
| Other physical details | ill. ; |
| Dimensions | 23 cm. |
| 490 ## - SERIES STATEMENT | |
| Volume/sequential designation | Vol: 1-2 |
| 504 ## - BIBLIOGRAPHY, ETC. NOTE | |
| Bibliography, etc. note | Includes bibliographical references |
| 650 #0 - SUBJECT ADDED ENTRY--TOPICAL TERM | |
| Topical term or geographic name entry element | India Politics and government |
| 700 1# - ADDED ENTRY--PERSONAL NAME | |
| Personal name | Dua, Geeta |
| 942 ## - ADDED ENTRY ELEMENTS (KOHA) | |
| Koha item type | Books |
| Withdrawn status | Lost status | Source of classification or shelving scheme | Damaged status | Not for loan | Collection | Home library | Current library | Shelving location | Date acquired | Source of acquisition | Total checkouts | Full call number | Barcode | Date last seen | Copy number | Price effective from | Koha item type |
|---|---|---|---|---|---|---|---|---|---|---|---|---|---|---|---|---|---|
| Dewey Decimal Classification | Non-fiction | Jagannath University Central Library | Jagannath University Central Library | General stacks | 03/05/2025 | Purchased | 294 MIK | JNUCL21896 | 03/05/2025 | 1 | 03/05/2025 | Books | |||||
| Dewey Decimal Classification | Non-fiction | Jagannath University Central Library | Jagannath University Central Library | General stacks | 03/05/2025 | Purchased | 294 MIK | JNUCL21897 | 03/05/2025 | 2 | 03/05/2025 | Books |